000 00307nam a2200109Ia 4500
008 200302s9999 xx 000 0 und d
100 _aHocine Bougdah and Stephen Sharples
245 _aEnvironment, Technology and Sustainability
260 _bRoutledge Taylor & Francis Group
260 _c2010
300 _a303
999 _c5816
_d5816